Novena en honra de la milagrosa imagen de María Santísima Nuestra Señora de San Juan.

Detalles Bibliográficos
Formato: Libro
Publicado: México 1845
Materias:
Colección:Banco de datos
Acervo:Biblioteca del Convento de Santa Mónica de la Ciudad de Puebla. Puebla
Tema general:Mariología
Notas:Regular. B3, 8.
LEADER 00616nam a22001810004500
035 |a 51269 
036 |a 1037 
245 1 0 |a Novena en honra de la milagrosa imagen de María Santísima Nuestra Señora de San Juan. 
260 |a México  |b imp. Luis Abadiano  |c 1845 
500 |a Regular. B3, 8. 
650 1 0 |a Mariología 
949 |a CRP 
959 |a Ex convento de Santa Mónica. Puebla, Puebla  |b CCC5 
960 |a Convento de Santa Mónica de la ciudad de Puebla  |b DD88 
961 |a Franciscana  |b OF 
942 |c CRP-SM 
943 |g Biblioteca del Convento de Santa Mónica de la Ciudad de Puebla. Puebla 
999 |c 961607  |d 961607